000
00351nam a2200133Ia 4500
008
100328s9999 xx 000 0 und d
082
_b
60223
100
_a
प्रभुदेसाई अनघा
245
_a
समिधा
260
_b
गं्रथाली.
630
_a
समिधा
730
_a
समिधा
942
_c
BOOK
999
_c
546385
_d
546382